Identidad y cultura en el ensayo latinoamericano
Na minha lista:
| Autor principal: | |
|---|---|
| Formato: | Livro |
| Idioma: | Undetermined |
| Publicado em: |
San José, Costa Rica
Editorial Nueva Década
1989
|
| Assuntos: | |
| Tags: |
Adicionar Tag
Sem tags, seja o primeiro a adicionar uma tag!
|
MARC
| LEADER | 00000nam a2200000Ia 4500 | ||
|---|---|---|---|
| 008 | 170316s9999 xx 000 0 und d | ||
| 999 | |c 8840 |d 8840 | ||
| 020 | |a 9977942404 | ||
| 040 | |a cru BVZT | ||
| 090 | |a 860 I-4.1i | ||
| 100 | |a Lagos, Belén | ||
| 245 | |a Identidad y cultura en el ensayo latinoamericano |c / Belén Lagos | ||
| 260 | |a San José, Costa Rica |b Editorial Nueva Década |c 1989 | ||
| 300 | |a 123 páginas. | ||
| 650 | |a LITERATURA LATINOAMERICANA |9 15 | ||
| 650 | |a ANTOLOGÍA |9 80 | ||
| 650 | |a ENSAYOS HISPANOAMERICANOS | ||
| 650 | |a ENSAYOS COSTARRICENSES | ||
| 942 | |c SALA |h 860 I-4.1i |2 z | ||



